|
|
|
|
| LEADER |
00689cam a2200193 7i4500 |
| 001 |
0000036662 |
| 005 |
20170308090000.0 |
| 020 |
|
|
|a 9780470413340 (pbk.)
|
| 090 |
0 |
0 |
|a RC454
|b .A26 2010
|
| 245 |
0 |
0 |
|a Abnormal psychology
|c Ann M. Kring ... [et al.].
|
| 250 |
|
|
|a 11th ed.
|
| 260 |
|
|
|a Hoboken, N.J.:
|b John Wiley & Sons, Inc.,
|c 2010.
|
| 300 |
|
|
|a xxi, 543 p.:
|b col. ill.;
|c 28 cm.
|
| 504 |
|
|
|a Includes bibliographical references and index
|
| 650 |
0 |
0 |
|a Psychology, Pathological
|
| 700 |
1 |
|
|a Kring, Ann M
|
| 997 |
|
|
|a Education & Social Sciences, Faculty
|b Social Sciences, Department
|
| 998 |
|
|
|a Industrial Psychology, Degree
|
| 999 |
|
|
|a 0000041631
|b BOK
|c OPEN SHELF
|e 2nd Floor, Bestari Jaya
|